000 00947cab a2200217 4500
001 ABS43050
008 090401t1990 xxu||||| |||| 00| 0 eng d
035 _a(Sirsi) u40185
041 _aeng
245 _aFerrari v Harrow LBC; Liley (West End) Ltd v Harrow LBC
260 _c1990
350 _a0
490 _aRating & Valuation Reporter
_v(1990) RVR 129-132(4)
520 _aLT 6 Oct 1988. Concerns the compulsory purchase of two adjoining properties by H, Planning consent for office development could be obtained. Dispute over valuation and the amount of floorspace available. Claimants F and L claiming higher valuation than offered by H. H`s valuation of £6550 psf. H to pay F and L`s costs.
650 _aCAR PARK
650 _aDEVELOPMENT SITE
650 _aRESIDUAL VALUATION
690 _aENVIRONMENTAL AND LAND CONSULTANCY-PLANNING AND DEVELOPMENT-COMPULSORY PURCHASE AND COMPENSATION
942 _n0
948 _c04/03/1997
999 _c25743
_d25743